|
|
|
|
| LEADER |
01225nam a2200325 a 4500 |
| 001 |
35699 |
| 003 |
BD-DhAAL |
| 005 |
20211130125837.0 |
| 008 |
190930t1992 maua b 001 0 eng d |
| 999 |
|
|
|c 41488
|d 41488
|
| 010 |
|
|
|a 91038196
|
| 020 |
|
|
|a 0205133983
|
| 040 |
|
|
|a DLC
|c DLC
|d DLC
|d BD-DhAAL
|
| 050 |
0 |
0 |
|a LB1027.3
|b .J69 1992
|
| 082 |
0 |
0 |
|a 371.3
|2 20
|
| 100 |
1 |
|
|a Joyce, Bruce R.
|9 35667
|
| 245 |
1 |
0 |
|a Models of teaching /
|c Bruce Joyce, Marsha Weil with Beverly Showers.
|
| 250 |
|
|
|a Fourth edition
|
| 260 |
|
|
|a Boston :
|b Allyn and Bacon,
|c c1992.
|
| 300 |
|
|
|a xv, 492 pages :
|b illustrations ;
|c 25 cm.
|
| 504 |
|
|
|a Includes bibliographical references (pages 451-488) and index.
|
| 526 |
|
|
|a BIED
|
| 541 |
|
|
|a Complimentary copy from BIED
|e 35699
|
| 650 |
|
0 |
|a Educational innovations.
|9 35668
|
| 650 |
|
0 |
|a Teaching.
|9 35669
|
| 700 |
1 |
|
|a Weil, Marsha.
|9 35670
|
| 700 |
1 |
|
|a Showers, Beverly.
|9 35671
|
| 852 |
|
|
|a Ayesha Abed Library
|c BIED Collection
|
| 942 |
|
|
|2 ddc
|c BK
|
| 952 |
|
|
|0 0
|1 0
|2 ddc
|4 0
|6 371_300000000000000_JOY
|7 0
|9 66600
|a BRACUL
|b BRACUL
|c GEN
|d 2019-09-30
|e Complimentary copy from BIED
|l 1
|m 2
|o 371.3 JOY
|p 3010035699
|r 2026-02-22
|s 2026-01-31
|t 1
|w 2019-09-30
|y BK
|x Transferred from BIED to General Stacks
|